| 000 | 00615nam a22002057a 4500 | ||
|---|---|---|---|
| 003 | OSt | ||
| 005 | 20210423061736.0 | ||
| 008 | 210219s1919 ||||| |||| 00| 0 eng d | ||
| 040 |
_aeng _beng _cDLC |
||
| 041 |
_aeng _hfre |
||
| 080 |
_a821.111 _bR-74 |
||
| 100 |
_91015 _aRolland, Romain |
||
| 245 |
_aColas Breugnon Burgundian _c/ by: Henry Holt and Company |
||
| 260 |
_aNew York _bHenry Holt and Company _c1919 |
||
| 300 | _a302 p. | ||
| 650 | 0 |
_9254 _aEnglish literature |
|
| 653 | _aინგლისური ლიტერატურა | ||
| 700 |
_91016 _aMiller, Katherine _eTranslator |
||
| 942 |
_2udc _cBK |
||
| 999 |
_c1592 _d1592 |
||